<?xml version="1.0" encoding="UTF-8"?>
<record
    xmlns:xsi="http://www.w3.org/2001/XMLSchema-instance"
    xsi:schemaLocation="http://www.loc.gov/MARC21/slim http://www.loc.gov/standards/marcxml/schema/MARC21slim.xsd"
    xmlns="http://www.loc.gov/MARC21/slim">

  <leader>02862cam a2200361La 4500</leader>
  <controlfield tag="001">41006</controlfield>
  <controlfield tag="005">20230411085955.0</controlfield>
  <controlfield tag="008">020116s1996    nyu      b   i100 0 eng d</controlfield>
  <datafield tag="035" ind1=" " ind2=" ">
    <subfield code="a">(OCoLC)ocm82728509</subfield>
  </datafield>
  <datafield tag="040" ind1=" " ind2=" ">
    <subfield code="a">NIC</subfield>
    <subfield code="c">CUY</subfield>
  </datafield>
  <datafield tag="035" ind1=" " ind2=" ">
    <subfield code="a">(OCoLC)82728509</subfield>
  </datafield>
  <datafield tag="043" ind1=" " ind2=" ">
    <subfield code="a">d------</subfield>
  </datafield>
  <datafield tag="086" ind1=" " ind2=" ">
    <subfield code="a">UNCTAD/ECDC/PA/4/Rev.1</subfield>
    <subfield code="2">undocs</subfield>
  </datafield>
  <datafield tag="090" ind1=" " ind2=" ">
    <subfield code="a"></subfield>
    <subfield code="b">U58 1996</subfield>
  </datafield>
  <datafield tag="049" ind1=" " ind2=" ">
    <subfield code="a">GRAL</subfield>
  </datafield>
  <datafield tag="245" ind1="0" ind2="0">
    <subfield code="a">Globalization and liberalization :</subfield>
    <subfield code="b">effects of international economic relations on poverty.</subfield>
  </datafield>
  <datafield tag="246" ind1="3" ind2="0">
    <subfield code="a">Effects of international economic relations on poverty</subfield>
  </datafield>
  <datafield tag="260" ind1=" " ind2=" ">
    <subfield code="a">New York :</subfield>
    <subfield code="b">United Nations,</subfield>
    <subfield code="c">1996.</subfield>
  </datafield>
  <datafield tag="300" ind1=" " ind2=" ">
    <subfield code="a">x, 254 p. ;</subfield>
    <subfield code="c">21 cm.</subfield>
  </datafield>
  <datafield tag="500" ind1=" " ind2=" ">
    <subfield code="a">At head of title: United Nations Conference on Trade and Development.</subfield>
  </datafield>
  <datafield tag="500" ind1=" " ind2=" ">
    <subfield code="a">U.N. document symbol: UNCTAD/ECDC/PA/4/Rev.1.</subfield>
  </datafield>
  <datafield tag="500" ind1=" " ind2=" ">
    <subfield code="a">"Inter-agency thematic contribution to the International Year for the Eradication of Poverty."</subfield>
  </datafield>
  <datafield tag="504" ind1=" " ind2=" ">
    <subfield code="a">Includes bibliographical references.</subfield>
  </datafield>
  <datafield tag="505" ind1="0" ind2=" ">
    <subfield code="g">pt. I.</subfield>
    <subfield code="t">Poverty-related elements of globalization and liberalization --</subfield>
    <subfield code="t">Effects of globalization and liberalization on poverty: concepts and issues /</subfield>
    <subfield code="r">David Woodward --</subfield>
    <subfield code="t">Globalization and liberalization: an opportunity to reduce poverty /</subfield>
    <subfield code="r">Ishrat Husain --</subfield>
    <subfield code="t">Trade and the Uruguay Round: some misconceptions dispelled /</subfield>
    <subfield code="r">Zdenek Drabek --</subfield>
    <subfield code="t">Global financial integration and related domestic liberalization policies /</subfield>
    <subfield code="r">Peter S. Heller --</subfield>
    <subfield code="t">Implications of macroeconomic policies for equity and poverty /</subfield>
    <subfield code="r">Rolph van der Hoeven --</subfield>
    <subfield code="t">Domestic liberalization policies and public finance: poverty implications /</subfield>
    <subfield code="r">Santosh Mehrotra --</subfield>
    <subfield code="t">Safety nets and compensatory measures /</subfield>
    <subfield code="r">Carol Graham.</subfield>
  </datafield>
  <datafield tag="505" ind1="0" ind2=" ">
    <subfield code="g">pt. II.</subfield>
    <subfield code="t">Regional and national experiences: lessons from diversity --</subfield>
    <subfield code="t">Asia --</subfield>
    <subfield code="t">Globalization and liberalization in East and South East Asia: implications for growth, inequality and poverty /</subfield>
    <subfield code="r">Rajah Rasiah --</subfield>
    <subfield code="t">The importance of foreign direct investment for exports, economic growth and poverty reduction in China /</subfield>
    <subfield code="r">Padma Mallampally --</subfield>
    <subfield code="t">What prospects does India have of benefitting from globalization? /</subfield>
    <subfield code="r">Sumit Roy --</subfield>
    <subfield code="t">Latin America --</subfield>
    <subfield code="t">Globalization and liberalization in Latin America: implications for growth, inequality and poverty /</subfield>
    <subfield code="r">Andr&#xE2;e Urani --</subfield>
    <subfield code="t">Mexico's financial crisis and its effects on income distribution and poverty /</subfield>
    <subfield code="r">Eugenia Correa --</subfield>
  </datafield>
  <datafield tag="505" ind1="0" ind2=" ">
    <subfield code="t">Sub-Saharan Africa --</subfield>
    <subfield code="t">Globalization and liberalization in sub-Saharan Africa: implications for growth and poverty /</subfield>
    <subfield code="r">Paul Mosley --</subfield>
    <subfield code="t">Is the Asian NIEs approach relevant for sub-Saharan Africa? /</subfield>
    <subfield code="r">Fantu Cheru.</subfield>
  </datafield>
  <datafield tag="650" ind1=" " ind2="0">
    <subfield code="a">International economic assistance</subfield>
    <subfield code="v">Congresses.</subfield>
  </datafield>
  <datafield tag="650" ind1=" " ind2="0">
    <subfield code="a">International economic relations</subfield>
    <subfield code="v">Congresses.</subfield>
  </datafield>
  <datafield tag="650" ind1=" " ind2="0">
    <subfield code="a">Poverty</subfield>
    <subfield code="x">Government policy</subfield>
    <subfield code="z">Developing countries</subfield>
    <subfield code="x">Congresses.</subfield>
  </datafield>
  <datafield tag="710" ind1="2" ind2=" ">
    <subfield code="a">United Nations Conference on Trade and Development.</subfield>
  </datafield>
  <datafield tag="942" ind1=" " ind2=" ">
    <subfield code="2">lcc</subfield>
    <subfield code="c">bk</subfield>
  </datafield>
  <datafield tag="994" ind1=" " ind2=" ">
    <subfield code="a">C0</subfield>
    <subfield code="b">DRFGD</subfield>
  </datafield>
  <datafield tag="999" ind1=" " ind2=" ">
    <subfield code="c">110298</subfield>
    <subfield code="d">110298</subfield>
  </datafield>
  <datafield tag="952" ind1=" " ind2=" ">
    <subfield code="0">0</subfield>
    <subfield code="1">0</subfield>
    <subfield code="2">lcc</subfield>
    <subfield code="4">0</subfield>
    <subfield code="7">0</subfield>
    <subfield code="8">APT</subfield>
    <subfield code="a">BJB</subfield>
    <subfield code="b">BJB</subfield>
    <subfield code="c">APT</subfield>
    <subfield code="d">2023-04-11</subfield>
    <subfield code="l">0</subfield>
    <subfield code="p">00000042002</subfield>
    <subfield code="r">2019-02-17 00:00:00</subfield>
    <subfield code="t">1</subfield>
    <subfield code="w">2019-02-17</subfield>
    <subfield code="y">bk</subfield>
  </datafield>
</record>
